<?xml version="1.0" encoding="UTF-8"?>
<record
    xmlns:xsi="http://www.w3.org/2001/XMLSchema-instance"
    xsi:schemaLocation="http://www.loc.gov/MARC21/slim http://www.loc.gov/standards/marcxml/schema/MARC21slim.xsd"
    xmlns="http://www.loc.gov/MARC21/slim">

  <leader>00882cam a2200277 a 4500</leader>
  <datafield tag="999" ind1=" " ind2=" ">
    <subfield code="c">5915</subfield>
    <subfield code="d">5915</subfield>
  </datafield>
  <controlfield tag="001">18064</controlfield>
  <controlfield tag="003">BD-DhUAP</controlfield>
  <controlfield tag="005">20201222143445.0</controlfield>
  <controlfield tag="008">201222r20102007ii a     b    001 0 eng  </controlfield>
  <datafield tag="020" ind1=" " ind2=" ">
    <subfield code="a">0070264384</subfield>
  </datafield>
  <datafield tag="020" ind1=" " ind2=" ">
    <subfield code="a">9780070264380</subfield>
  </datafield>
  <datafield tag="040" ind1=" " ind2=" ">
    <subfield code="a">DLC</subfield>
    <subfield code="c">DLC</subfield>
    <subfield code="d">BD-DhUAP</subfield>
  </datafield>
  <datafield tag="042" ind1=" " ind2=" ">
    <subfield code="a">pcc</subfield>
  </datafield>
  <datafield tag="050" ind1="0" ind2="0">
    <subfield code="a">HD30.28</subfield>
    <subfield code="b">.P3395 2013</subfield>
  </datafield>
  <datafield tag="082" ind1="0" ind2="0">
    <subfield code="a">658.4012 PEA</subfield>
    <subfield code="2">23</subfield>
  </datafield>
  <datafield tag="100" ind1="1" ind2=" ">
    <subfield code="a">Pearce, John A.</subfield>
  </datafield>
  <datafield tag="245" ind1="1" ind2="0">
    <subfield code="a">Strategic management :</subfield>
    <subfield code="b">formulation, implementation, and control /</subfield>
    <subfield code="c">John A. Pearce , Richard B. Robinson and Amita Mital.</subfield>
  </datafield>
  <datafield tag="250" ind1=" " ind2=" ">
    <subfield code="a">10th ed.</subfield>
  </datafield>
  <datafield tag="260" ind1=" " ind2=" ">
    <subfield code="a">New Delhi :</subfield>
    <subfield code="b">Tata McGraw-Hill Education,</subfield>
    <subfield code="c">c2007 [Reprinted 2010].</subfield>
  </datafield>
  <datafield tag="300" ind1=" " ind2=" ">
    <subfield code="a">xxvi, 788 pages :</subfield>
    <subfield code="b">illustrations ;</subfield>
    <subfield code="c">26 cm.</subfield>
  </datafield>
  <datafield tag="504" ind1=" " ind2=" ">
    <subfield code="a">Includes bibliographical references and index.</subfield>
  </datafield>
  <datafield tag="650" ind1=" " ind2="0">
    <subfield code="a">Strategic planning.</subfield>
  </datafield>
  <datafield tag="700" ind1="1" ind2=" ">
    <subfield code="a">Robinson, Richard B.</subfield>
  </datafield>
  <datafield tag="700" ind1="1" ind2=" ">
    <subfield code="a">Mital, Amita.</subfield>
  </datafield>
  <datafield tag="942" ind1=" " ind2=" ">
    <subfield code="2">ddc</subfield>
    <subfield code="c">BK</subfield>
  </datafield>
  <datafield tag="952" ind1=" " ind2=" ">
    <subfield code="0">0</subfield>
    <subfield code="1">0</subfield>
    <subfield code="2">ddc</subfield>
    <subfield code="4">0</subfield>
    <subfield code="7">0</subfield>
    <subfield code="a">UAPCL</subfield>
    <subfield code="b">UAPCL</subfield>
    <subfield code="c">General Stacks</subfield>
    <subfield code="d">2020-12-22</subfield>
    <subfield code="o">658.4012 PEA</subfield>
    <subfield code="p">3010018064</subfield>
    <subfield code="r">2020-12-22</subfield>
    <subfield code="t">1</subfield>
    <subfield code="w">2020-12-22</subfield>
    <subfield code="y">BK</subfield>
  </datafield>
  <datafield tag="952" ind1=" " ind2=" ">
    <subfield code="0">0</subfield>
    <subfield code="1">0</subfield>
    <subfield code="2">ddc</subfield>
    <subfield code="4">0</subfield>
    <subfield code="7">0</subfield>
    <subfield code="a">UAPCL</subfield>
    <subfield code="b">UAPCL</subfield>
    <subfield code="c">General Stacks</subfield>
    <subfield code="d">2020-12-22</subfield>
    <subfield code="o">658.4012 PEA</subfield>
    <subfield code="p">3010018056</subfield>
    <subfield code="r">2020-12-22</subfield>
    <subfield code="t">2</subfield>
    <subfield code="w">2020-12-22</subfield>
    <subfield code="y">BK</subfield>
  </datafield>
  <datafield tag="952" ind1=" " ind2=" ">
    <subfield code="0">0</subfield>
    <subfield code="1">0</subfield>
    <subfield code="2">ddc</subfield>
    <subfield code="4">0</subfield>
    <subfield code="7">0</subfield>
    <subfield code="a">UAPCL</subfield>
    <subfield code="b">UAPCL</subfield>
    <subfield code="c">General Stacks</subfield>
    <subfield code="d">2020-12-22</subfield>
    <subfield code="o">658.4012 PEA</subfield>
    <subfield code="p">3010018059</subfield>
    <subfield code="r">2020-12-22</subfield>
    <subfield code="t">3</subfield>
    <subfield code="w">2020-12-22</subfield>
    <subfield code="y">BK</subfield>
  </datafield>
  <datafield tag="952" ind1=" " ind2=" ">
    <subfield code="0">0</subfield>
    <subfield code="1">0</subfield>
    <subfield code="2">ddc</subfield>
    <subfield code="4">0</subfield>
    <subfield code="7">0</subfield>
    <subfield code="a">UAPCL</subfield>
    <subfield code="b">UAPCL</subfield>
    <subfield code="c">General Stacks</subfield>
    <subfield code="d">2020-12-22</subfield>
    <subfield code="o">658.4012 PEA</subfield>
    <subfield code="p">3010018065</subfield>
    <subfield code="r">2020-12-22</subfield>
    <subfield code="t">4</subfield>
    <subfield code="w">2020-12-22</subfield>
    <subfield code="y">BK</subfield>
  </datafield>
  <datafield tag="952" ind1=" " ind2=" ">
    <subfield code="0">0</subfield>
    <subfield code="1">0</subfield>
    <subfield code="2">ddc</subfield>
    <subfield code="4">0</subfield>
    <subfield code="7">0</subfield>
    <subfield code="a">UAPCL</subfield>
    <subfield code="b">UAPCL</subfield>
    <subfield code="c">General Stacks</subfield>
    <subfield code="d">2020-12-22</subfield>
    <subfield code="o">658.4012 PEA</subfield>
    <subfield code="p">3010018062</subfield>
    <subfield code="r">2020-12-22</subfield>
    <subfield code="t">5</subfield>
    <subfield code="w">2020-12-22</subfield>
    <subfield code="y">BK</subfield>
  </datafield>
  <datafield tag="952" ind1=" " ind2=" ">
    <subfield code="0">0</subfield>
    <subfield code="1">0</subfield>
    <subfield code="2">ddc</subfield>
    <subfield code="4">0</subfield>
    <subfield code="7">0</subfield>
    <subfield code="a">DBASL</subfield>
    <subfield code="b">DBASL</subfield>
    <subfield code="c">General Stacks</subfield>
    <subfield code="d">2021-01-07</subfield>
    <subfield code="o">658.4012 PEA</subfield>
    <subfield code="p">3010018058</subfield>
    <subfield code="r">2021-01-07</subfield>
    <subfield code="t">6</subfield>
    <subfield code="w">2021-01-07</subfield>
    <subfield code="y">BK</subfield>
  </datafield>
  <datafield tag="952" ind1=" " ind2=" ">
    <subfield code="0">0</subfield>
    <subfield code="1">0</subfield>
    <subfield code="2">ddc</subfield>
    <subfield code="4">0</subfield>
    <subfield code="7">0</subfield>
    <subfield code="a">DBASL</subfield>
    <subfield code="b">DBASL</subfield>
    <subfield code="c">General Stacks</subfield>
    <subfield code="d">2021-01-07</subfield>
    <subfield code="o">658.4012 PEA</subfield>
    <subfield code="p">3010018057</subfield>
    <subfield code="r">2021-01-07</subfield>
    <subfield code="t">7</subfield>
    <subfield code="w">2021-01-07</subfield>
    <subfield code="y">BK</subfield>
  </datafield>
  <datafield tag="952" ind1=" " ind2=" ">
    <subfield code="0">0</subfield>
    <subfield code="1">0</subfield>
    <subfield code="2">ddc</subfield>
    <subfield code="4">0</subfield>
    <subfield code="7">0</subfield>
    <subfield code="a">DBASL</subfield>
    <subfield code="b">DBASL</subfield>
    <subfield code="c">General Stacks</subfield>
    <subfield code="d">2021-01-07</subfield>
    <subfield code="o">658.4012 PEA</subfield>
    <subfield code="p">3010018061</subfield>
    <subfield code="r">2021-01-07</subfield>
    <subfield code="t">8</subfield>
    <subfield code="w">2021-01-07</subfield>
    <subfield code="y">BK</subfield>
  </datafield>
  <datafield tag="952" ind1=" " ind2=" ">
    <subfield code="0">0</subfield>
    <subfield code="1">0</subfield>
    <subfield code="2">ddc</subfield>
    <subfield code="4">0</subfield>
    <subfield code="7">0</subfield>
    <subfield code="a">DBASL</subfield>
    <subfield code="b">DBASL</subfield>
    <subfield code="c">General Stacks</subfield>
    <subfield code="d">2021-01-07</subfield>
    <subfield code="o">658.4012 PEA</subfield>
    <subfield code="p">3010018060</subfield>
    <subfield code="r">2021-01-07</subfield>
    <subfield code="t">9</subfield>
    <subfield code="w">2021-01-07</subfield>
    <subfield code="y">BK</subfield>
  </datafield>
  <datafield tag="952" ind1=" " ind2=" ">
    <subfield code="0">0</subfield>
    <subfield code="1">0</subfield>
    <subfield code="2">ddc</subfield>
    <subfield code="4">0</subfield>
    <subfield code="7">0</subfield>
    <subfield code="a">DBASL</subfield>
    <subfield code="b">DBASL</subfield>
    <subfield code="c">General Stacks</subfield>
    <subfield code="d">2021-01-07</subfield>
    <subfield code="o">658.4012 PEA</subfield>
    <subfield code="p">3010018063</subfield>
    <subfield code="r">2021-01-26</subfield>
    <subfield code="t">10</subfield>
    <subfield code="w">2021-01-07</subfield>
    <subfield code="y">BK</subfield>
  </datafield>
</record>
